000
00346 a2200157 4500
001
61346
020
_a
9783060200788
040
_c
Anchieta - Pituba
100
_a
Antosová, Jarmila
240
1
0
_a
Prima
_l
por
245
1
0
_a
Prima
300
_a
72
362
0
_a
2008
650
4
_a
Línguas germânicas (teutônicas) língua alemã
942
_c
BK
999
_c
61346
_d
61346